Premiums - a managing agent`s response (Record no. 15585)
[ view plain ]
| 000 -LEADER | |
|---|---|
| fixed length control field | 00844cab a2200193 4500 |
| 001 - CONTROL NUMBER | |
| control field | ABS40362 |
| 008 - FIXED-LENGTH DATA ELEMENTS--GENERAL INFORMATION | |
| fixed length control field | 090401t1989 xxu||||| |||| 00| 0 eng d |
| 035 ## - SYSTEM CONTROL NUMBER | |
| System control number | (Sirsi) u23305 |
| 041 ## - LANGUAGE CODE | |
| Language code of text/sound track or separate title | eng |
| 100 ## - MAIN ENTRY--PERSONAL NAME | |
| Personal name | Cooke-Priest, P. |
| 245 ## - TITLE STATEMENT | |
| Title | Premiums - a managing agent`s response |
| 260 ## - PUBLICATION, DISTRIBUTION, ETC. | |
| Date of publication, distribution, etc. | 1989 |
| 350 ## - PRICE (NR) (BK AM CF MU VM SE) [OBSOLETE] | |
| Price | 0 |
| 490 ## - SERIES STATEMENT | |
| Series statement | Estates Gazette |
| Volume/sequential designation | (8905) 4 February 1989, 103-104(2) |
| 520 ## - SUMMARY, ETC. | |
| Summary, etc. | Critical reply to L. Aaron`s article, "Retail lettings: key money or opportunity value?", EG (8838) 24 September 1988, pp113-116, Abstract 39851, which discussed payment of premiums for business premises. Provides an historical overview of the lettings market and continues in defence of the practice of landlords charging premiums for retail property. |
| 690 ## - LOCAL SUBJECT ADDED ENTRY--TOPICAL TERM (OCLC, RLIN) | |
| Topical term or geographic name as entry element | LANDLORD AND TENANT-BUSINESS TENANCIES |
| 942 ## - ADDED ENTRY ELEMENTS (KOHA) | |
| Suppress in OPAC | 0 |
| 948 ## - LOCAL PROCESSING INFORMATION (OCLC); SERIES PART DESIGNATOR (RLIN) | |
| c (OCLC) | 04/03/1997 |
| Withdrawn status | Lost status | Source of classification or shelving scheme | Damaged status | Not for loan | Home library | Current library | Shelving location | Date acquired | Total Checkouts | Full call number | Barcode | Date last seen | Copy number | Price effective from | Koha item type |
|---|---|---|---|---|---|---|---|---|---|---|---|---|---|---|---|
| Dewey Decimal Classification | London | London | Journal article | 14/09/1999 | ABS40362 | 23305-1001 | 06/08/2019 | 1 | 06/08/2019 | Journal article |